Psychiatric-mental health nursing / (Record no. 60333)

MARC details
000 -LEADER
fixed length control field 01086cam a2200349 i 4500
001 - CONTROL NUMBER
control field 19061036
005 - DATE AND TIME OF LATEST TRANSACTION
control field 20260413062935.0
008 - FIXED-LENGTH DATA ELEMENTS--GENERAL INFORMATION
fixed length control field 160419t20172017paua b 001 0 eng
010 ## - LIBRARY OF CONGRESS CONTROL NUMBER
LC control number 2016018623
020 ## - INTERNATIONAL STANDARD BOOK NUMBER
International Standard Book Number 978160548116
035 ## - SYSTEM CONTROL NUMBER
System control number 19061036
035 ## - SYSTEM CONTROL NUMBER
System control number (DNLM)101681389
040 ## - CATALOGING SOURCE
Original cataloging agency DNLM/DLC
Transcribing agency DLC
Description conventions rda
Modifying agency DLC
042 ## - AUTHENTICATION CODE
Authentication code pcc
050 00 - LIBRARY OF CONGRESS CALL NUMBER
Classification number RC440
Item number .V53 2011
060 10 - NATIONAL LIBRARY OF MEDICINE CALL NUMBER
Classification number WY 160
082 00 - DEWEY DECIMAL CLASSIFICATION NUMBER
Classification number 616.89/0231
Edition number 23
100 1# - MAIN ENTRY--PERSONAL NAME
Personal name Videbeck, Sheila L.,
Relator term author.
245 10 - TITLE STATEMENT
Title Psychiatric-mental health nursing /
250 ## - EDITION STATEMENT
Edition statement 11th ed.
260 ## - PUBLICATION, DISTRIBUTION, ETC. (IMPRINT)
Place of publication, distribution, etc Philadelphia;
Name of publisher, distributor, etc Wolters Kluwer,
Date of publication, distribution, etc 2011
300 ## - PHYSICAL DESCRIPTION
Extent xi, 530 pages :
Other physical details color illustrations;
Dimensions 28 cm
Accompanying material + 1 CD ROM
504 ## - BIBLIOGRAPHY, ETC. NOTE
Bibliography, etc Includes bibliographical references and index.
650 #0 - SUBJECT ADDED ENTRY--TOPICAL TERM
Topical term or geographic name as entry element Psychiatric nursing.
650 12 - SUBJECT ADDED ENTRY--TOPICAL TERM
Topical term or geographic name as entry element Psychiatric Nursing
650 22 - SUBJECT ADDED ENTRY--TOPICAL TERM
Topical term or geographic name as entry element Mental Disorders
General subdivision nursing
650 22 - SUBJECT ADDED ENTRY--TOPICAL TERM
Topical term or geographic name as entry element Nurse-Patient Relations
700 1# - ADDED ENTRY--PERSONAL NAME
Personal name Miller, C. J.
Fuller form of name (Cathy J.),
Relator term illustrator.
906 ## - LOCAL DATA ELEMENT F, LDF (RLIN)
a 7
b cbc
c orignew
d 1
e ecip
f 20
g y-gencatlg
942 ## - ADDED ENTRY ELEMENTS (KOHA)
Source of classification or shelving scheme Library of Congress Classification
Item type Book
Holdings
Withdrawn status Lost status Source of classification or shelving scheme Damaged status Not for loan Collection code Home library Current library Shelving location Date acquired Source of acquisition Cost, normal purchase price Total Checkouts Full call number Barcode Date last seen Copy number Price effective from Koha item type
    Library of Congress Classification   Not For Loan Non-fiction Bishop Okullu Memorial Library (Limuru Campus) Bishop Okullu Memorial Library (Limuru Campus) Processing Center 13/04/2026 Donation- Pittsburgh 4495.00   RC440 .V53 2011 073293 13/04/2026 1 13/04/2026 Book